Vista normal
Vista MARC
Entrada Topical Term
Número de registros utilizados en: 1
001 - CONTROL NUMBER
- control field: 58628
003 - CONTROL NUMBER IDENTIFIER
- control field: OSt
005 - DATE AND TIME OF LATEST TRANSACTION
- control field: 20250221150132.0
008 - FIXED-LENGTH DATA ELEMENTS
- fixed length control field: 250221|| aca||aabn | a|a d
040 ## - CATALOGING SOURCE
- Original cataloging agency: OSt
- Transcribing agency: OSt
150 ## - HEADING--TOPICAL TERM
- Topical term or geographic name entry element: Literatura infantil colombiana
- Form subdivision: Siglo XXI
670 ## - SOURCE DATA FOUND
- Source citation: Work cat.: (OSt)56941: Yockteng Rafael 1976- autor 58626, ¡Ugh!